000 02791nam a22002177a 4500
003 OSt
005 20260410111437.0
008 260325b |||||||| |||| 00| 0 espd
022 _a 9789942935960
082 _2 9789942935960
100 _aVicuña Izurieta, Segundo Abel
245 _aRegulación económica y políticas públicas en el Ecuador: análisis desde la academia.
250 _a1ra edición
260 _aEcuador
_b Editorial Universidad Nacional de Chimborazo (UNACH).
_c 2019/2020.
300 _a312 pag
_c 14.8 cm x 21 cm
490 _3Cartulina couché o propalcote de 240 a 300 gramos
520 _aRegulación económica y políticas públicas en el Ecuador: análisis desde la academia" (2020) es una obra colectiva que examina la evolución del sistema económico ecuatoriano y el impacto de las decisiones estatales en el bienestar social. Aquí tienes los puntos centrales de su contenido: Evolución del Pensamiento Económico: Analiza cómo ha cambiado la visión económica en Ecuador, pasando de modelos tradicionales a enfoques de regulación más contemporáneos. Políticas Públicas y Sector Real: Evalúa la efectividad de las políticas implementadas por el Estado para dinamizar sectores clave como la manufactura, el comercio y los servicios. Microfinanzas y Economía Popular: Dedica una parte importante al estudio de las cooperativas de ahorro y crédito y al rol de las microfinanzas como herramientas de inclusión económica en sectores vulnerables. Regulación Estatal: Discute si la intervención del Estado a través de leyes y organismos de control ha ayudado a estabilizar la economía o si, por el contrario, ha generado trabas para el crecimiento empresarial. Perspectiva Académica: Al ser un texto universitario, no solo presenta datos estadísticos, sino que propone marcos teóricos para que estudiantes y legisladores puedan diseñar mejores estrategias de desarrollo nacional.
650 _aEconomía — Ecuador. Política económica — Siglo XXI. Microfinanzas — Aspectos sociales. Regulación económica — Análisis académico.
_xAnálisis: Indica que la obra no es solo descriptiva, sino que descompone y examina el fenómeno económico. Investigación: Define el carácter científico y académico del texto. Modelos matemáticos: (Si aplica al capítulo de econometría) para secciones con fórmulas y proyecciones. Política gubernamental: Especifica que el enfoque está en las decisiones del Estado.
_yEn los sistemas de clasificación como Dewey o LC, esta subdivisión indica que el análisis de las políticas económicas y la regulación estatal se centra en los eventos, leyes y modelos aplicados en Ecuador durante las últimas dos décadas.
700 _aSegundo Abel Vicuña Izurieta
942 _2ddc
_cBK
_n0
999 _c2027
_d2027